00700nam a2200181 a 450000100100000000500170001000800410002704000250006808200140009310000270010724501280013426000700026230000200033270000280035204900090038095201120038999900170050100002874220200930055118.0110412s1966 dr 000 0 spa d aDO-SdBNPbspacBNPHU axxxbO12e1 aObiols, Alfredo95574213aUn enfoque para la planificación del desarrollo integral de la República Dominicana /cAlfredo Obiols, Rodolfo Perdomo. aGuatemala :bInstituto Geográfico Nacional de Guatemala,c1966. a70 p. ;c28 cm.1 aPerdomo, Rodolfo955743 aBNPD 0010718PDaPDbPDcCTd2011-04-12iLF1l0oxxx O12ep28742-10r2020-06-25w2020-06-25yLFPDZNo se presta c28234d28234